| 000 | 00437nam a22001337a 4500 | ||
|---|---|---|---|
| 999 |
_c7810 _d7811 |
||
| 008 | 190409b ||||| |||| 00| 0 eng d | ||
| 020 | _a9780195106886 | ||
| 082 | _a306.44 W66e 1998 | ||
| 100 | _aWilce, James MacLynn, | ||
| 245 |
_aEloquence in trouble : _bthe poetics and politics of complaint in rural Bangladesh |
||
| 260 |
_aNew York : _bOxford University Press, _c1998. |
||
| 300 |
_axix, 300 p. : _b ill. ; _c25 cm. |
||
| 942 | _2ddc | ||